|
|
|
|
| LEADER |
00000nkm0a2200000 4500 |
| 001 |
686015 |
| 005 |
20260421162200.0 |
| 090 |
|
|
|a 686015
|
| 100 |
|
|
|a 20260408f20182024m||y0rusy50 ca
|
| 101 |
0 |
|
|a rus
|
| 102 |
|
|
|a RU
|
| 105 |
|
|
|a acf z 010zd
|
| 181 |
|
0 |
|a b
|b bae
|
| 182 |
|
0 |
|a n
|
| 183 |
|
0 |
|a nc
|2 RDAcarrier
|
| 200 |
1 |
|
|a Студенческий строительный отряд "КАНИКУЛА" имени Ф. М. Зинченко
|e [альбом]
|f Национальный исследовательский Томский политехнический университет
|
| 203 |
|
|
|a Изображение
|b визуальный
|c непосредственный
|
| 210 |
|
|
|a Томск
|c [Б. и.]
|d [20--?]
|
| 215 |
|
|
|a 16 л.
|c ил.
|
| 283 |
|
|
|a volume
|2 RDAcarrier
|
| 606 |
|
|
|a Студенческие отряды строительные
|9 75818
|
| 606 |
|
|
|a Томский политехнический университет
|9 83260
|
| 610 |
1 |
|
|a высшее образование
|
| 610 |
1 |
|
|a Томск
|
| 610 |
1 |
|
|a студенческие движения
|
| 610 |
1 |
|
|a Томский политехнический институт
|
| 610 |
1 |
|
|a Каникула
|
| 610 |
1 |
|
|a политехники
|
| 610 |
1 |
|
|a строительные отряды
|
| 610 |
1 |
|
|a строительные площадки
|
| 610 |
1 |
|
|a студенческие стройки
|
| 610 |
1 |
|
|a командиры
|
| 610 |
1 |
|
|a студенты
|
| 610 |
1 |
|
|a персоналии
|
| 610 |
1 |
|
|a альбомы
|
| 686 |
|
|
|2 rubbk
|a Ч481.43
|
| 686 |
|
|
|2 rubbk
|a Ч484(2)72ТПУ
|
| 712 |
0 |
2 |
|a Национальный исследовательский Томский политехнический университет
|c (2009- )
|4 570
|9 26305
|
| 801 |
|
0 |
|c 20260408
|a RU
|b 63413507
|
| 850 |
|
|
|a 63413507
|
| 942 |
|
|
|c BK
|